市町村名50音順最後の50自治体 - Statistics

General Stats
  • This quiz has been taken 641 times
  • The average score is 31 of 50
Answer Stats
Hint Answer % Correct
埼玉県 蕨市
87%
和歌山県 和歌山市
85%
石川県 輪島市
84%
埼玉県 和光市
81%
北海道 留萌市
80%
北海道 稚内市
80%
北海道 礼文町
76%
鳥取県 米子市
72%
北海道 利尻町
72%
三重県 四日市市
71%
沖縄県 与那国町
70%
滋賀県 栗東市
70%
奈良県 吉野町
67%
千葉県 四街道市
67%
岩手県 陸前高田市
67%
北海道 利尻富士町
67%
岡山県 和気町
66%
山形県 米沢市
65%
徳島県 吉野川市
64%
福井県 若狭町
64%
沖縄県 読谷村
63%
青森県 六ヶ所村
63%
北海道 和寒町
63%
佐賀県 吉野ヶ里町
62%
北海道 羅臼町
62%
茨城県 龍ケ崎市
62%
青森県 六戸町
62%
鹿児島県 与論町
60%
北海道 蘭越町
59%
京都府 和束町
59%
滋賀県 竜王町
58%
鳥取県 若桜町
58%
山口県 和木町
58%
埼玉県 寄居町
57%
埼玉県 嵐山町
57%
宮城県 涌谷町
57%
北海道 陸別町
56%
宮城県 利府町
56%
北海道 留寿都村
56%
熊本県 苓北町
56%
岐阜県 輪之内町
55%
沖縄県 与那原町
53%
北海道 留別村
53%
北海道 留夜別村
53%
宮城県 亘理町
52%
鹿児島県 和泊町
51%
三重県 度会町
50%
青森県 蓬田村
44%
埼玉県 吉見町
42%
福岡県 吉富町
37%
No matching quizzes found
Score Distribution
Percent of People with Each Score
Percentile by Number Answered
Your Score History
You have not taken this quiz